<?xml version="1.0" encoding="UTF-8"?>
<collection xmlns="http://www.loc.gov/MARC21/slim">
<record>
  <controlfield tag="001">6826</controlfield>
  <controlfield tag="005">20240217082932.0</controlfield>
  <datafield tag="024" ind1="7" ind2=" ">
    <subfield code="a">10.1093/mnras/stad1027</subfield>
    <subfield code="2">DOI</subfield>
  </datafield>
  <datafield tag="037" ind1=" " ind2=" ">
    <subfield code="a">SCART-2024-0086</subfield>
  </datafield>
  <datafield tag="100" ind1=" " ind2=" ">
    <subfield code="a">Narang, Mayank </subfield>
  </datafield>
  <datafield tag="245" ind1=" " ind2=" ">
    <subfield code="a">uGMRT obser v ations of the hot-Saturn WASP-69b: Radio-Loud Exoplanet–Exomoon Sur v ey II (RLEES II)</subfield>
  </datafield>
  <datafield tag="260" ind1=" " ind2=" ">
    <subfield code="c">2023</subfield>
  </datafield>
  <datafield tag="520" ind1=" " ind2=" ">
    <subfield code="a">Exomoons have so far eluded ongoing searches. Several studies have exploited transit and transit timing variations and high-resolution spectroscopy to identify potential exomoon candidates. One method of detecting and confirming these exomoons is to search for signals of planet-moon interactions. In this work, we present the first radio observations of the exomoon candidate system WASP-69b. Based on the detection of alkali metals in the transmission spectra of WASP-69b, it was deduced that the system might be hosting an exomoon. WASP-69b is also one of the exoplanet systems that will be observed as part of JWST cycle-1 GTO. This makes the system an excellent target to observe and follow up. We observed the system for 32 h at 150 and 218 MHz using the upgraded Giant Metrewave Radio Telescope (uGMRT). Though we do not detect radio emission from the systems, we place strong 3σ upper limits of 3.3 mJy at 150 MHz and 0.9 mJy at 218 MHz. We then use these upper limits to estimate the maximum mass-loss from the exomoon candidate.</subfield>
  </datafield>
  <datafield tag="536" ind1=" " ind2=" ">
    <subfield code="a">FED-tWIN STELLA/</subfield>
    <subfield code="c">FED-tWIN STELLA/</subfield>
    <subfield code="f">FED-tWIN STELLA</subfield>
  </datafield>
  <datafield tag="594" ind1=" " ind2=" ">
    <subfield code="a">NO</subfield>
  </datafield>
  <datafield tag="700" ind1=" " ind2=" ">
    <subfield code="a">Oza, Apurva V. </subfield>
  </datafield>
  <datafield tag="700" ind1=" " ind2=" ">
    <subfield code="a">Hakim, Kaustubh </subfield>
  </datafield>
  <datafield tag="700" ind1=" " ind2=" ">
    <subfield code="a">Manoj, P. </subfield>
  </datafield>
  <datafield tag="700" ind1=" " ind2=" ">
    <subfield code="a">Tyagi, Himanshu</subfield>
  </datafield>
  <datafield tag="700" ind1=" " ind2=" ">
    <subfield code="a">Banerjee, Bihan </subfield>
  </datafield>
  <datafield tag="700" ind1=" " ind2=" ">
    <subfield code="a">Surya, Arun </subfield>
  </datafield>
  <datafield tag="700" ind1=" " ind2=" ">
    <subfield code="a">Nayak, Prasanta K. </subfield>
  </datafield>
  <datafield tag="700" ind1=" " ind2=" ">
    <subfield code="a">Banyal, Ravinder K. </subfield>
  </datafield>
  <datafield tag="700" ind1=" " ind2=" ">
    <subfield code="a">Thorngren, Daniel P.</subfield>
  </datafield>
  <datafield tag="773" ind1=" " ind2=" ">
    <subfield code="p">Monthly Notices of the Royal Astronomical Society</subfield>
    <subfield code="v">522</subfield>
    <subfield code="y">2023</subfield>
    <subfield code="n">2</subfield>
    <subfield code="c">1662–1668</subfield>
  </datafield>
  <datafield tag="856" ind1="0" ind2=" ">
    <subfield code="f">kaustubh.hakim@ksb-orb.be</subfield>
  </datafield>
  <datafield tag="856" ind1="4" ind2="2">
    <subfield code="a">https://doi.org/10.1093/mnras/stad1027</subfield>
  </datafield>
  <datafield tag="905" ind1=" " ind2=" ">
    <subfield code="a">published in</subfield>
  </datafield>
  <datafield tag="980" ind1=" " ind2=" ">
    <subfield code="a">REFERD</subfield>
  </datafield>
</record>
</collection>